Date e Segno zodiacale - Quiz n°23 - Statistics

Statistiche generali
  • Questo quiz è stato fatto 22 volte
  • Il punteggio medio è 7 su 10
Statistiche sulle risposte
Hint Risposta % Corretto
6 ottobre Bilancia
100%
16 ottobre Bilancia
87%
14 novembre Scorpione
80%
25 aprile Toro
80%
25 giugno Cancro
73%
18 novembre Scorpione
67%
13 giugno Gemelli
60%
26 novembre Sagittario
60%
25 ottobre Scorpione
53%
14 maggio Toro
53%
Nessun quiz corrispondente trovato
Distribuzione punteggi
Percentuale di utenti per punteggio
Percentile per numero di risposta
I tuoi punteggi nel tempo
Non hai fatto questo quiz